[Event "Moscow Aeroflot op-A 18th"]
[Site "Moscow"]
[Date "2019.02.26"]
[Round "8"]
[White "Pourramezanali, Amirreza"]
[Black "Raja, Rithvik R"]
[Result "1/2-1/2"]
[WhiteElo "2529"]
[BlackElo "2443"]
[PlyCount "125"]
[EventDate "2019.02.20"]
[EventType "swiss"]
[EventRounds "9"]
[EventCountry "RUS"]
[SourceTitle "CBM 189"]
[Source "ChessBase"]
[SourceDate "2019.04.29"]
[SourceVersion "1"]
[SourceVersionDate "2019.04.29"]
[SourceQuality "1"]

1. Nf3 d5 2. g3 Bg4 3. Bg2 c6 4. h3 Bh5 5. O-O e6 6. d4 Nf6 7. c4 Nbd7 8. cxd5
exd5 9. Nh4 Bg6 10. Nc3 Be7 11. Nxg6 hxg6 12. Qc2 O-O 13. Rb1 Nb6 14. b4 a6 15.
a4 Rc8 16. Rd1 Re8 17. a5 Nc4 18. Na4 Nd6 19. Nc5 Qc7 20. Bf4 Rcd8 21. Bf3 Qc8
22. Kg2 Nfe4 23. Be5 Ng5 24. Bg4 f5 25. h4 Ngf7 26. Bh3 Nxe5 27. dxe5 Nc4 28.
Nd3 Na3 29. Qb2 Nxb1 30. Nf4 g5 31. Qxb1 g4 32. Bxg4 fxg4 33. Qg6 Bf8 34. e6
Re7 35. e4 d4 36. h5 Rde8 37. Qxg4 Rxe6 38. Nxe6 Qxe6 39. Qxe6+ Rxe6 40. Rxd4
Re5 41. f4 Rb5 42. e5 Bxb4 43. Rd8+ Kf7 44. Rd7+ Kf8 45. g4 c5 46. e6 c4 47.
Rf7+ Kg8 48. Rc7 Bd6 49. Rc8+ Kh7 50. g5 Bxf4 51. e7 Rxg5+ 52. Kf3 Re5 53. e8=Q
Rxe8 54. Rxe8 Bc7 55. Rc8 Bxa5 56. Rxc4 Be1 57. Rc1 Bb4 58. Ke4 a5 59. Kd5 b6
60. Rc6 Bc5 61. Kc4 Be3 62. Kb5 Bd4 63. Rg6 1/2-1/2

[Event "Moscow Aeroflot op-A 18th"]
[Site "Moscow"]
[Date "2019.02.26"]
[Round "8"]
[White "Praggnanandhaa, Rameshbabu"]
[Black "Aditya, Mittal"]
[Result "1-0"]
[WhiteElo "2532"]
[BlackElo "2454"]
[PlyCount "89"]
[EventDate "2019.02.20"]
[EventType "swiss"]
[EventRounds "9"]
[EventCountry "RUS"]
[SourceTitle "CBM 189"]
[Source "ChessBase"]
[SourceDate "2019.04.29"]
[SourceVersion "1"]
[SourceVersionDate "2019.04.29"]
[SourceQuality "1"]

1. e4 c5 2. Nc3 d6 3. d4 cxd4 4. Qxd4 Nc6 5. Qd2 Nf6 6. b3 e5 7. Bb2 Be7 8.
O-O-O O-O 9. Kb1 Be6 10. f3 Nd4 11. Nd5 Nxd5 12. exd5 Bd7 13. f4 Bf6 14. Bd3
Re8 15. fxe5 dxe5 16. Nf3 Bg4 17. Be4 Qd6 18. Qf2 Nxf3 19. gxf3 Bh5 20. Rhg1 g6
21. c4 b6 22. Rde1 a5 23. a4 Bg7 24. Rg5 Kh8 25. Qg3 h6 26. Rxh5 gxh5 27. Qh3
Qf6 28. Qxh5 Qg5 29. Qxf7 Re7 30. Qf5 Qxf5 31. Bxf5 Rf7 32. Bg4 Rd8 33. Bxe5
Bxe5 34. Rxe5 Kg7 35. Kc2 Rd6 36. Kd3 Rff6 37. Ke4 Kf8 38. Bh5 Rd8 39. f4 Rc8
40. f5 Rd8 41. Re6 Rxe6+ 42. fxe6 Ke7 43. Ke5 Rd6 44. Be8 Rd8 45. Bd7 1-0

[Event "Moscow Aeroflot op-A 18th"]
[Site "Moscow"]
[Date "2019.02.26"]
[Round "8"]
[White "Sargsyan, Shant"]
[Black "Aravindh, Chithambaram VR"]
[Result "0-1"]
[WhiteElo "2488"]
[BlackElo "2601"]
[PlyCount "48"]
[EventDate "2019.02.20"]
[EventType "swiss"]
[EventRounds "9"]
[EventCountry "RUS"]
[SourceTitle "CBM 189"]
[Source "ChessBase"]
[SourceDate "2019.04.29"]
[SourceVersion "1"]
[SourceVersionDate "2019.04.29"]
[SourceQuality "1"]

1. d4 d5 2. Nf3 Nf6 3. c4 c6 4. Nc3 dxc4 5. a4 Bf5 6. Ne5 Na6 7. f3 Nd7 8. Nxc4
e5 9. e4 exd4 10. exf5 dxc3 11. Nd6+ Bxd6 12. Qxd6 Qb6 13. Bxa6 O-O-O 14. Be2
Nc5 15. a5 Qb4 16. Ra4 Nd3+ 17. Qxd3 cxb2+ 18. Rxb4 bxc1=Q+ 19. Kf2 Qc5+ 20.
Qe3 Qxb4 21. Qxa7 Rhe8 22. a6 Rxe2+ 23. Kxe2 Qb2+ 24. Ke1 Qe5+ 0-1

[Event "Moscow Aeroflot op-A 18th"]
[Site "Moscow"]
[Date "2019.02.26"]
[Round "8"]
[White "Sasikiran, Krishnan"]
[Black "Kulaots, Kaido"]
[Result "1/2-1/2"]
[WhiteElo "2678"]
[BlackElo "2542"]
[PlyCount "91"]
[EventDate "2019.02.20"]
[EventType "swiss"]
[EventRounds "9"]
[EventCountry "RUS"]
[SourceTitle "CBM 189"]
[Source "ChessBase"]
[SourceDate "2019.04.29"]
[SourceVersion "1"]
[SourceVersionDate "2019.04.29"]
[SourceQuality "1"]

1. e4 c5 2. Nf3 d6 3. d4 cxd4 4. Nxd4 Nf6 5. Nc3 a6 6. Be3 Ng4 7. Bg5 h6 8. Bh4
g5 9. Bg3 Bg7 10. Be2 h5 11. h4 Nc6 12. Nb3 gxh4 13. Bxh4 Be6 14. Qd2 Rc8 15.
f3 Bh6 16. Bg5 Bxg5 17. Qxg5 Nf6 18. Bf1 Rg8 19. Qd2 Bxb3 20. cxb3 Qa5 21.
O-O-O Qg5 22. Kb1 Qxd2 23. Rxd2 Ne5 24. a3 Ng6 25. b4 Nf4 26. Rh4 Ng6 27. Rh1
Nf4 28. b5 a5 29. Na4 Rg5 30. Nb6 Rb8 31. Rh4 Ng6 32. Rh1 Nf4 33. Nc4 b6 34.
Rh4 Ng6 35. Rh1 Nf4 36. Rc2 d5 37. exd5 N6xd5 38. g4 Kd7 39. gxh5 Nxh5 40. Bd3
Nhf4 41. Be4 e6 42. Rh7 Ke7 43. Rh4 Rc8 44. Nxb6 Nxb6 45. Rxc8 Nxc8 46. Rxf4
1/2-1/2

[Event "Moscow Aeroflot op-A 18th"]
[Site "Moscow"]
[Date "2019.02.26"]
[Round "8"]
[White "Sethuraman, SP."]
[Black "Yakubboev, Nodirbek"]
[Result "0-1"]
[WhiteElo "2651"]
[BlackElo "2569"]
[PlyCount "80"]
[EventDate "2019.02.20"]
[EventType "swiss"]
[EventRounds "9"]
[EventCountry "RUS"]
[SourceTitle "CBM 189"]
[Source "ChessBase"]
[SourceDate "2019.04.29"]
[SourceVersion "1"]
[SourceVersionDate "2019.04.29"]
[SourceQuality "1"]

1. e4 c5 2. Nf3 d6 3. d4 cxd4 4. Nxd4 Nf6 5. Nc3 a6 6. g3 e5 7. Nf3 h6 8. Bg2
Be6 9. O-O Nbd7 10. Nh4 b5 11. a4 b4 12. Nd5 Bxd5 13. exd5 g6 14. Be3 a5 15. h3
Bg7 16. Qd2 Nb6 17. b3 Rc8 18. Rfe1 Kf8 19. Rad1 Kg8 20. Qe2 Nbd7 21. Qa6 Nc5
22. Qb5 Kh7 23. Bd2 Re8 24. Qe2 e4 25. Be3 Nfd7 26. f4 exf3 27. Qxf3 f5 28. Qf2
Qf6 29. Kh2 Qf7 30. g4 f4 31. Bd4 Bxd4 32. Qxd4 Ne5 33. Rf1 Qf6 34. Qf2 Ncd7
35. Rde1 Rc3 36. Be4 Rf8 37. Ng2 f3 38. Qa7 Rf7 39. Qxa5 f2 40. Re2 Nxg4+ 0-1

[Event "Moscow Aeroflot op-A 18th"]
[Site "Moscow"]
[Date "2019.02.26"]
[Round "8"]
[White "Sindarov, Javokhir"]
[Black "Chen, Qi B"]
[Result "1/2-1/2"]
[WhiteElo "2505"]
[BlackElo "2443"]
[PlyCount "113"]
[EventDate "2019.02.20"]
[EventType "swiss"]
[EventRounds "9"]
[EventCountry "RUS"]
[SourceTitle "CBM 189"]
[Source "ChessBase"]
[SourceDate "2019.04.29"]
[SourceVersion "1"]
[SourceVersionDate "2019.04.29"]
[SourceQuality "1"]

1. e4 e5 2. Nf3 Nc6 3. Bc4 Bc5 4. O-O Nf6 5. d3 d6 6. c3 O-O 7. a4 a5 8. Be3
Bxe3 9. fxe3 Ne7 10. Nbd2 Ng6 11. d4 Qe7 12. Qe1 Be6 13. Bd3 Rae8 14. h3 Bd7
15. Bc2 h6 16. Qe2 c6 17. Rae1 d5 18. Nxe5 Nxe5 19. dxe5 Nxe4 20. Bxe4 dxe4 21.
Rd1 Qxe5 22. Nc4 Qc7 23. Qd2 Be6 24. Qd6 Re7 25. Nxa5 Rd7 26. Qxc7 Rxc7 27. Rd6
Rfc8 28. b3 b6 29. Nc4 Bxc4 30. bxc4 Ra8 31. Rf4 Rxa4 32. Rxe4 b5 33. Kf2 Rxc4
34. Rxc4 bxc4 35. e4 c5 36. Rd5 f6 37. Kf3 Kf7 38. Kg4 g6 39. h4 h5+ 40. Kf4
Ke6 41. g3 Rc8 42. Kf3 Rc7 43. Kf4 Rc8 44. Kf3 Rc6 45. g4 hxg4+ 46. Kxg4 Rc8
47. Kf3 Rc7 48. h5 gxh5 49. Rxh5 Rd7 50. Rxc5 Rd3+ 51. Kf4 Rxc3 52. Rc6+ Ke7
53. e5 fxe5+ 54. Kxe5 Rc1 55. Kd4 c3 56. Rxc3 Rxc3 57. Kxc3 1/2-1/2

[Event "Moscow Aeroflot op-A 18th"]
[Site "Moscow"]
[Date "2019.02.26"]
[Round "8"]
[White "Sjugirov, Sanan"]
[Black "Xu, Yinglun"]
[Result "1-0"]
[WhiteElo "2663"]
[BlackElo "2512"]
[PlyCount "65"]
[EventDate "2019.02.20"]
[EventType "swiss"]
[EventRounds "9"]
[EventCountry "RUS"]
[SourceTitle "CBM 189"]
[Source "ChessBase"]
[SourceDate "2019.04.29"]
[SourceVersion "1"]
[SourceVersionDate "2019.04.29"]
[SourceQuality "1"]

1. d4 d5 2. c4 e6 3. Nc3 Be7 4. Nf3 Nf6 5. Bf4 O-O 6. e3 b6 7. Rc1 Bb7 8. Be2
dxc4 9. Bxc4 Nbd7 10. O-O c5 11. Qe2 a6 12. a4 cxd4 13. exd4 Bb4 14. Rfd1 Re8
15. Ne5 Qe7 16. Bg5 Qd6 17. Na2 h6 18. Bf4 Qe7 19. Rd3 Bd6 20. Nc3 Nd5 21. Bd2
Nxc3 22. Rcxc3 f6 23. Bxh6 Nxe5 24. dxe5 Bxe5 25. Rg3 Bxg3 26. Rxg3 Rad8 27. h4
Rd7 28. Bxg7 Qxg7 29. Rxg7+ Rxg7 30. f3 a5 31. Qe3 Ree7 32. Bxe6+ Kh7 33. Qd3+
1-0

[Event "Moscow Aeroflot op-A 18th"]
[Site "Moscow"]
[Date "2019.02.26"]
[Round "8"]
[White "Stupak, Kirill"]
[Black "Kobalia, Mihail"]
[Result "0-1"]
[WhiteElo "2537"]
[BlackElo "2627"]
[PlyCount "80"]
[EventDate "2019.02.20"]
[EventType "swiss"]
[EventRounds "9"]
[EventCountry "RUS"]
[SourceTitle "CBM 189"]
[Source "ChessBase"]
[SourceDate "2019.04.29"]
[SourceVersion "1"]
[SourceVersionDate "2019.04.29"]
[SourceQuality "1"]

1. d4 d5 2. Nf3 Nf6 3. c4 c6 4. Nc3 a6 5. a4 e6 6. Bg5 h6 7. Bxf6 Qxf6 8. e3
Nd7 9. a5 Bb4 10. Qb3 Bd6 11. Be2 O-O 12. O-O Qe7 13. e4 dxe4 14. Nxe4 Bc7 15.
Rfe1 f5 16. Ned2 c5 17. Qa3 Qf6 18. dxc5 e5 19. Qc3 e4 20. Qxf6 Rxf6 21. Nd4
Nxc5 22. Nc2 Rd6 23. Red1 Be6 24. Nb4 Kf8 25. Nd5 Bxd5 26. cxd5 Rxd5 27. Nc4
Rad8 28. Rxd5 Rxd5 29. Rd1 Nd3 30. b3 Bxa5 31. Ne3 Rc5 32. Bxd3 exd3 33. Rxd3
f4 34. Nd1 Ke7 35. g3 Ke6 36. gxf4 Rd5 37. Re3+ Kf6 38. Nb2 Bd2 39. Re4 b5 40.
Kg2 Bc1 0-1

[Event "Moscow Aeroflot op-A 18th"]
[Site "Moscow"]
[Date "2019.02.26"]
[Round "8"]
[White "Svane, Rasmus"]
[Black "Kovalev, Vladislav"]
[Result "0-1"]
[WhiteElo "2599"]
[BlackElo "2703"]
[Annotator "Krasenkow,M"]
[PlyCount "98"]
[EventDate "2019.02.20"]
[EventType "swiss"]
[EventRounds "9"]
[EventCountry "RUS"]
[SourceTitle "CBM 189"]
[Source "ChessBase"]
[SourceDate "2019.04.29"]
[SourceVersion "1"]
[SourceVersionDate "2019.04.29"]
[SourceQuality "1"]

{[%evp 0,98,19,25,27,-16,47,25,33,33,42,43,39,19,28,9,3,3,-1,-12,-24,-8,7,-11,
61,63,63,30,56,55,41,35,53,41,136,111,88,82,57,77,81,82,74,51,44,1,-3,9,9,1,17,
21,19,26,26,0,0,0,0,-51,-43,-64,-71,-35,-3,-137,-135,-146,-145,-150,-158,-194,
-261,-265,-242,-245,-265,-248,-286,-286,-329,-356,-356,-362,-339,-372,-379,
-373,-374,-382,-383,-383,-395,-415,-351,-526,-515,-883,-1013,-1013,-1021]} 1.
d4 Nf6 2. c4 g6 3. Nc3 Bg7 4. e4 d6 5. h3 O-O 6. Be3 (6. Nf3 $144 c5 7. Be3)
6... c5 7. Nf3 {A rare but possible continuation. White goes for a Maroczy
setup with h2-h3.} cxd4 8. Nxd4 b6 $6 (8... Nc6 $142 {- White has hardly
anything better than} 9. Be2 {, and we have a usual Maroczy with an unusual
move h2-h3, which can be useful for White in future or not.}) 9. Qd2 (9. g3 $5
Bb7 10. Bg2 {, played in a number of games, looks even more appropriate.}) 9...
Bb7 10. f3 Nbd7 {Black can now obtain a hedgehog setup if he continues ...
a7-a6 and ...e7-e6.} (10... Re8 11. O-O-O a6 12. Bh6 Nc6 13. Bxg7 Kxg7 14. g4
Nxd4 15. Qxd4 Kg8 16. h4 $40 {1-0 (33) Parligras,M (2645)-Aliyev,R (2346) Abu
Dhabi 2018}) (10... Nc6 11. O-O-O Nxd4 (11... Ne5 12. Kb1 Rc8 13. b3 a6 14. Be2
e6 15. g4 Qc7 16. Rc1 $14 {1-0 (35) Paravyan,D (2631)-Triapishko,A (2504) Loo
2018}) (11... Qb8 12. Kb1 Rc8 13. Nxc6 Bxc6 14. h4 a6 15. Bh6 Bh8 16. h5 $40 {
1/2 (23) Paravyan,D (2603)-Belyakov,B (2486) Moscow 2018}) 12. Bxd4 a6 13. Kb1
Bc6 14. g4 Rb8 15. h4 b5 16. h5 $40 {1/2 (33) Grandelius,N (2647)-Kotronias,V 
(2524) London 2017}) (10... Nh5 11. h4 (11. O-O-O Ng3 12. Rg1 Nd7 13. Bh6 Bxh6
14. Qxh6 Rc8 {1/2 (61) Antonsen,M (2434)-Kotronias,V (2505) Aarhus 2018} 15. h4
$36) (11. g4 Ng3 12. Rh2 Nxf1 13. Kxf1 Re8 14. h4 Nd7 15. h5 $36 {0-1 (29)
Koltanowski,G-Euwe,M London 1927}) 11... e6 12. Rh3 d5 13. cxd5 exd5 14. g4 Nf6
15. e5 Nfd7 16. f4 $16 {1-0 (27) Grandelius,N (2668)-Hagen,A (2383) Helsingor
2018}) 11. Bh6 (11. g4 Rc8 12. Be2 Ne5 13. b3 a6 14. a4 e6 15. Rd1 Qc7 16. O-O
Rfd8 17. Qe1 Ned7 $13 {0-1 (37) Bluebaum,M (2632)-Teterev,V (2487) Minsk 2017})
(11. O-O-O a6 12. Kb1 b5 $6 13. cxb5 axb5 14. Bxb5 Ne5 15. Qe2 Qb8 16. Rc1 Rc8
17. Rhd1 d5 18. f4 Nc4 19. e5 $16 {1/2 (81) Tabatabaei,M (2590)-Gajwa,A (2223)
Abu Dhabi 2018}) 11... e6 (11... e5 12. Bxg7 Kxg7 13. Ndb5 a6 14. Nxd6 Bc6 15.
O-O-O $16 {1-0 (30) Firouzja,A (2607)-Ivic,V (2497) Konya 2018}) (11... Bxh6
12. Qxh6 e6 13. O-O-O a6 (13... d5 14. cxd5 exd5 15. exd5 Rc8 16. Nc6 Bxc6 17.
dxc6 Rxc6 18. Bb5 $16 {1-0 (35) Jones,G (2675)-Antonio,V (2435) Sharjah 2018})
14. h4 Nh5 15. Rh3 Qf6 16. Nde2 Qe7 17. g4 $36 {1/2 (45) Grandelius,N (2655)
-Chigaev,M (2599) Porto Carras GRE 2018}) (11... a6 12. h4 e6 13. O-O-O Qe7 14.
h5 Nxh5 15. g4 Nhf6 16. Bxg7 Kxg7 17. Qh6+ Kh8 18. Nde2 Rg8 19. g5 Nh5 20. Ng3
$36 {0-1 (32) Bluebaum,M (2611)-Istratescu,A (2564) Zurich SUI 2018}) 12. Bxg7
Kxg7 13. O-O-O d5 {No, another plan, a break in the centre. However, White is
prepared for that much better.} 14. exd5 exd5 15. h4 $1 {->} h5 16. Qg5 (16. g4
$1 {was logical and strong:} hxg4 (16... dxc4 17. g5 Nd5 18. Nxd5 Bxd5 19. Nf5+
gxf5 20. Qxd5 $18) (16... Ne5 17. Qe3 Re8 18. g5 $16) 17. h5 Rh8 18. fxg4 {
with a strong attack.}) 16... Re8 (16... Nh7 17. Qxd8 Rfxd8 18. cxd5 Ndf6 {
could be a lesser evil.}) 17. Bd3 (17. Nf5+ Kg8 18. Nd6 Re5 19. Nxb7 Qc7 20.
Qd2 Qxb7 21. cxd5 $16 {was much simpler.}) 17... Ne5 18. Bc2 Nh7 19. Qxd8 Raxd8
20. cxd5 a6 21. Rhe1 (21. Bb3 $16) 21... Nf6 22. Be4 $2 (22. Ne6+ $1 fxe6 23.
Rxe5 Nxd5 24. Nxd5 exd5 25. Rde1 {[%csl Rd5,Rg6] still with a clear edge for
White}) 22... Bxd5 $1 23. Nxd5 (23. Bc2 $11) 23... Nxd5 24. Bxd5 (24. Bc2 $6
Nc4 {[%cal Rc4e3]}) 24... Nd3+ $5 (24... Rxd5 25. Nf5+ gxf5 26. Rxd5 Nd3+ 27.
Rxd3 Rxe1+ $11) 25. Rxd3 Rxe1+ 26. Kd2 Rg1 {The endgame is now very sharp,
Black has chances to get a passed h-pawn.} 27. Bb7 $6 (27. Bc6 $5 Rxg2+ 28. Ke3
$13) 27... Rxg2+ 28. Kc3 (28. Ke3 Re8+) 28... Kf6 29. Bxa6 (29. Re3 $5 Rh2 $140
30. Re4) 29... Rh2 30. a4 Rxh4 31. b4 Rh1 (31... Rf4 $5 {[%cal Yh5h4]}) 32. a5
$4 {[%mdl 8192] White blunders his only hope, the a-pawn, and quickly loses.} (
32. Nc2 Rxd3+ 33. Bxd3 Ke5 (33... h4 34. a5 bxa5 35. bxa5 Rb1 36. a6 h3 37. a7
h2 38. a8=Q h1=Q $11) 34. a5 bxa5 35. bxa5 Kd6 36. Nd4 {with a probable draw.})
32... bxa5 33. bxa5 Ra8 34. Bc4 Rxa5 35. Nc6 Ra3+ 36. Kd4 Rxd3+ 37. Bxd3 h4 38.
Ne5 h3 39. Ng4+ Kg5 40. Nf2 Rh2 41. Ke3 Kh4 42. f4 f5 43. Kf3 Rg2 44. Bc4 Rg3+
45. Ke2 Rc3 46. Bf7 Kg3 47. Nh1+ Kxf4 48. Bxg6 Rc2+ 49. Kd3 Rh2 0-1

[Event "Moscow Aeroflot op-A 18th"]
[Site "Moscow"]
[Date "2019.02.26"]
[Round "8"]
[White "Tahbaz, Arash"]
[Black "Schitco, Ivan"]
[Result "1/2-1/2"]
[WhiteElo "2484"]
[BlackElo "2426"]
[PlyCount "130"]
[EventDate "2019.02.20"]
[EventType "swiss"]
[EventRounds "9"]
[EventCountry "RUS"]
[SourceTitle "CBM 189"]
[Source "ChessBase"]
[SourceDate "2019.04.29"]
[SourceVersion "1"]
[SourceVersionDate "2019.04.29"]
[SourceQuality "1"]

1. d4 Nf6 2. c4 e6 3. Nf3 c5 4. g3 cxd4 5. Nxd4 d5 6. Bg2 e5 7. Nf3 d4 8. O-O
Nc6 9. e3 Be7 10. exd4 exd4 11. b4 Nxb4 12. Nxd4 O-O 13. Bb2 Bg4 14. Qb3 Bc5
15. h3 Bxd4 16. Qxb4 Bxb2 17. Qxb2 Be6 18. Rc1 Rb8 19. Nd2 b6 20. Nb3 Rc8 21.
Nd4 Rxc4 22. Nxe6 Rxc1+ 23. Rxc1 fxe6 24. Qe5 Kh8 25. Qxe6 h6 26. Qc4 Nh7 27.
Qe2 Qd7 28. Rd1 Qf7 29. Rd4 Ng5 30. Rf4 Qg8 31. Ra4 Re8 32. Qd3 Rd8 33. Qf5 Rf8
34. Qe5 a5 35. f4 Qe6 36. Qxe6 Nxe6 37. Re4 Rf6 38. Re5 g6 39. Kf2 Nc5 40. Ke3
Kg7 41. Bd5 Rd6 42. Kd4 Kf6 43. g4 Na6 44. a3 Rd7 45. h4 Nc7 46. a4 b5 47. axb5
Nxb5+ 48. Kc5 Nc3 49. Bc4 a4 50. Kb4 Nd1 51. Re6+ Kg7 52. f5 gxf5 53. gxf5 Rd4
54. f6+ Kf8 55. Re2 a3 56. Kc5 Nc3 57. Re1 Rf4 58. f7 Ne4+ 59. Kc6 Nd6 60. Bd5
Nxf7 61. Ra1 Ra4 62. Kb5 Rd4 63. Kc5 Ra4 64. Kb5 Rd4 65. Kc5 Ra4 1/2-1/2

[Event "Moscow Aeroflot op-A 18th"]
[Site "Moscow"]
[Date "2019.02.26"]
[Round "8"]
[White "Vaibhav, Suri"]
[Black "Anton Guijarro, David"]
[Result "1/2-1/2"]
[WhiteElo "2575"]
[BlackElo "2642"]
[PlyCount "53"]
[EventDate "2019.02.20"]
[EventType "swiss"]
[EventRounds "9"]
[EventCountry "RUS"]
[SourceTitle "CBM 189"]
[Source "ChessBase"]
[SourceDate "2019.04.29"]
[SourceVersion "1"]
[SourceVersionDate "2019.04.29"]
[SourceQuality "1"]

1. c4 e5 2. Nc3 Bb4 3. Nd5 Bc5 4. e3 Nf6 5. b4 Be7 6. Nxe7 Qxe7 7. Bb2 O-O 8.
Ne2 d6 9. Ng3 c5 10. bxc5 dxc5 11. Be2 Nc6 12. O-O Bd7 13. f4 Ne8 14. Bd3 g6
15. Be4 Nd6 16. Bd5 Be6 17. Bxc6 bxc6 18. fxe5 Nxc4 19. Bc3 Rad8 20. Qe1 Rd3
21. Ne4 Rfd8 22. Nf6+ Kg7 23. Qh4 h6 24. Nh5+ Kf8 25. Nf6 Kg7 26. Nh5+ Kf8 27.
Nf6 1/2-1/2

[Event "Moscow Aeroflot op-A 18th"]
[Site "Moscow"]
[Date "2019.02.26"]
[Round "8"]
[White "Van Foreest, Jorden"]
[Black "Aleksandrov, Aleksej"]
[Result "1/2-1/2"]
[WhiteElo "2618"]
[BlackElo "2574"]
[PlyCount "89"]
[EventDate "2019.02.20"]
[EventType "swiss"]
[EventRounds "9"]
[EventCountry "RUS"]
[SourceTitle "CBM 189"]
[Source "ChessBase"]
[SourceDate "2019.04.29"]
[SourceVersion "1"]
[SourceVersionDate "2019.04.29"]
[SourceQuality "1"]

1. e4 e5 2. Nf3 Nc6 3. Bc4 Bc5 4. c3 Nf6 5. d3 d6 6. O-O h6 7. Re1 O-O 8. Nbd2
a5 9. Nf1 Bb6 10. Ng3 Be6 11. Bb5 Qb8 12. d4 Qa7 13. Be3 Ne7 14. h3 a4 15. Qd2
Kh7 16. Bd3 Qa5 17. dxe5 dxe5 18. Nxe5 Bxe3 19. Qxe3 Qxe5 20. f4 Qa5 21. e5+
Kg8 22. exf6 Nd5 23. Qf3 Nxf6 24. Ne4 Qb6+ 25. Kh1 Bf5 26. Nxf6+ Qxf6 27. Bxf5
Qxf5 28. Re7 b5 29. Re5 Qc2 30. Rxb5 Rab8 31. Qc6 Rxb5 32. Qxb5 a3 33. bxa3
Qxc3 34. Rd1 Qxa3 35. Qc4 Qe7 36. a4 Ra8 37. Kh2 c5 38. Rb1 Qa7 39. Qe4 Rf8 40.
Rb5 Qa8 41. Qc4 Rc8 42. Rb3 Rd8 43. Rc3 Qb8 44. Rb3 Qc7 45. Rc3 1/2-1/2

[Event "Moscow Aeroflot op-A 18th"]
[Site "Moscow"]
[Date "2019.02.26"]
[Round "8"]
[White "Vishnu, Prasanna V"]
[Black "Suleymenov, Alisher"]
[Result "1-0"]
[WhiteElo "2524"]
[BlackElo "2428"]
[PlyCount "115"]
[EventDate "2019.02.20"]
[EventType "swiss"]
[EventRounds "9"]
[EventCountry "RUS"]
[SourceTitle "CBM 189"]
[Source "ChessBase"]
[SourceDate "2019.04.29"]
[SourceVersion "1"]
[SourceVersionDate "2019.04.29"]
[SourceQuality "1"]

1. e4 e6 2. d4 d5 3. exd5 exd5 4. c4 Nf6 5. Nc3 Bb4 6. Bd3 O-O 7. Nge2 dxc4 8.
Bxc4 Nc6 9. O-O h6 10. a3 Bd6 11. f3 a6 12. Be3 Be6 13. d5 Ne5 14. Ba2 Bd7 15.
Nd4 Re8 16. Bf2 Nh5 17. Ne4 Nf4 18. Bg3 Neg6 19. Qd2 Be5 20. Rfe1 h5 21. Ne2
Nxe2+ 22. Rxe2 h4 23. Bxe5 Rxe5 24. Rae1 Bb5 25. f4 Rf5 26. Rf2 Qf8 27. g4 hxg3
28. Nxg3 Rf6 29. f5 Ne7 30. Qg5 Kh8 31. Nh5 Rh6 32. Rxe7 f6 33. Qxg7+ Qxg7+ 34.
Nxg7 Rh7 35. Rg2 Rc8 36. Rf7 Bd3 37. Rxf6 Rxg7 38. Rg3 Be4 39. Rh6+ Rh7 40.
Rxh7+ Kxh7 41. f6 Kh6 42. Rg7 Bg6 43. Kf2 Rf8 44. Rxc7 Rxf6+ 45. Ke3 Rb6 46. b4
a5 47. bxa5 Ra6 48. Rc5 b6 49. Bc4 b5 50. Rxb5 Ra8 51. Rb6 Kg7 52. a6 Bf7 53.
Kd4 Rc8 54. a7 Ra8 55. Rb7 Kf6 56. Bb5 Rd8 57. Rxf7+ Kxf7 58. Bc6 1-0

[Event "Moscow Aeroflot op-A 18th"]
[Site "Moscow"]
[Date "2019.02.26"]
[Round "8"]
[White "Vokhidov, Shamsiddin"]
[Black "Flom, Gabriel"]
[Result "0-1"]
[WhiteElo "2494"]
[BlackElo "2460"]
[PlyCount "90"]
[EventDate "2019.02.20"]
[EventType "swiss"]
[EventRounds "9"]
[EventCountry "RUS"]
[SourceTitle "CBM 189"]
[Source "ChessBase"]
[SourceDate "2019.04.29"]
[SourceVersion "1"]
[SourceVersionDate "2019.04.29"]
[SourceQuality "1"]

1. e4 c5 2. Nf3 e6 3. d4 cxd4 4. Nxd4 a6 5. Bd3 Bc5 6. Nb3 Be7 7. Be3 d6 8. f4
Nf6 9. Qf3 Qc7 10. g4 Nc6 11. g5 Nd7 12. a3 b5 13. N1d2 Bb7 14. Qf2 h6 15. gxh6
Rxh6 16. O-O-O O-O-O 17. Rhg1 g6 18. Kb1 Rdh8 19. Nf3 Rh5 20. Rg2 Nc5 21. Nxc5
dxc5 22. Ng5 Nd8 23. Be2 Rh4 24. Bf3 Rxf4 25. Bxf4 Qxf4 26. h4 Rxh4 27. e5 Bxf3
28. Nxf3 Rh3 29. Rf1 Rh5 30. Qe1 Qc4 31. Re2 Rf5 32. Re4 Qd5 33. Qe2 Qb7 34.
Rd1 Nc6 35. a4 bxa4 36. Rxa4 Qb5 37. Rc4 Na5 38. Nd2 Nc6 39. Qg2 Rxe5 40. Nb3
Kc7 41. Rf4 Rf5 42. Qg3 e5 43. Rxf5 gxf5 44. Qf3 c4 45. Rd5 cxb3 0-1

[Event "Moscow Aeroflot op-A 18th"]
[Site "Moscow"]
[Date "2019.02.26"]
[Round "8"]
[White "Warmerdam, Max"]
[Black "Arjun, Kalyan"]
[Result "1/2-1/2"]
[WhiteElo "2450"]
[BlackElo "2444"]
[PlyCount "43"]
[EventDate "2019.02.20"]
[EventType "swiss"]
[EventRounds "9"]
[EventCountry "RUS"]
[SourceTitle "CBM 189"]
[Source "ChessBase"]
[SourceDate "2019.04.29"]
[SourceVersion "1"]
[SourceVersionDate "2019.04.29"]
[SourceQuality "1"]

1. d4 d5 2. c4 c6 3. Nf3 Nf6 4. e3 Bf5 5. Nc3 e6 6. Nh4 Be4 7. f3 Bg6 8. Qb3
Qc7 9. Bd2 Be7 10. cxd5 cxd5 11. Nxg6 hxg6 12. O-O-O Nc6 13. Kb1 a6 14. Rc1 Rc8
15. Be1 Na5 16. Qd1 Nc4 17. Bg3 Qd7 18. Bxc4 Rxc4 19. b3 Rc6 20. Na4 O-O 21.
Rxc6 Qxc6 22. Qd2 1/2-1/2

[Event "Moscow Aeroflot op-A 18th"]
[Site "Moscow"]
[Date "2019.02.26"]
[Round "8"]
[White "Zhou, Jianchao"]
[Black "Maghsoodloo, Parham"]
[Result "1/2-1/2"]
[WhiteElo "2615"]
[BlackElo "2666"]
[PlyCount "40"]
[EventDate "2019.02.20"]
[EventType "swiss"]
[EventRounds "9"]
[EventCountry "RUS"]
[SourceTitle "CBM 189"]
[Source "ChessBase"]
[SourceDate "2019.04.29"]
[SourceVersion "1"]
[SourceVersionDate "2019.04.29"]
[SourceQuality "1"]

1. d4 Nf6 2. c4 e6 3. Nc3 Bb4 4. Qc2 b6 5. e4 c5 6. a3 Bxc3+ 7. bxc3 Bb7 8. Bd3
b5 9. Qb1 cxd4 10. cxd4 bxc4 11. Qxb7 cxd3 12. Qxa8 Qb6 13. Ra2 O-O 14. Rb2 d2+
15. Kxd2 Qxd4+ 16. Ke1 Qc3+ 17. Kd1 Qd3+ 18. Ke1 Qc3+ 19. Kd1 Qd3+ 20. Ke1 Qc3+
1/2-1/2